书目信息 |
| 题名: |
再生铝产业研究与生产技术
|
|
| 作者: | 姜玉敬 , 吴细华 编著 | |
| 分册: | ||
| 出版信息: | 北京 冶金工业出版社 2018.04 |
|
| 页数: | 263页 | |
| 开本: | 24cm | |
| 丛书名: | ||
| 单 册: | ||
| 中图分类: | TG146.21 , TG146.2 | |
| 科图分类: | ||
| 主题词: | 二次金属--铝--生产工艺 | |
| 电子资源: | ||
| ISBN: | 978-7-5024-7750-9 | |
| 000 | 01388nam0 2200277 450 | |
| 001 | 4221 | |
| 005 | 20181010151019.16 | |
| 010 | @a978-7-5024-7750-9@dCNY48.00 | |
| 100 | @a20180612d2018 em y0chiy50 ea | |
| 101 | 0 | @achi |
| 102 | @aCN@b110000 | |
| 105 | @aa z 000yy | |
| 200 | 1 | @a再生铝产业研究与生产技术@9zai sheng lv chan ye yan jiu yu sheng chan ji shu@dSecondary aluminium industry research and production technology@f姜玉敬,吴细华编著@zeng |
| 210 | @a北京@c冶金工业出版社@d2018.04 | |
| 215 | @a263页@c图,照片@d24cm | |
| 314 | @a姜玉敬 (1963-),男,生于山东威海,1985年7月毕业于中南大学冶金物化专业,教授级高级工程师,出版专著3部,在国内外发表学术论文70余篇。 | |
| 314 | @a吴细华 (1962-),男,生于湖北大冶市,高级政工师,铝工业企业家。1983年毕业于黄石师范学院政治系,获哲学学士学位,先后在国家级和省部级以上学术刊物上发表论文3余篇,获10余项各级政府的奖励。 | |
| 330 | @a本书回顾了再生铝的起源、发展和现状,全面系统地总结了我国再生铝生产的状况和工艺技术,介绍了世界再生铝先进的工艺技术和设备,展望了今后再生铝的发展前景和趋势。 | |
| 510 | 1 | @aSecondary aluminium industry research and production technology@zeng |
| 606 | 0 | @a二次金属@x铝@x生产工艺 |
| 690 | @aTG146.21@v5 | |
| 690 | @aTG146.2@v4 | |
| 701 | 0 | @a姜玉敬@9jiang yu jing@f(1963-)@4编著 |
| 701 | 0 | @a吴细华@9wu xi hua@f(1962-)@4编著 |
| 801 | 0 | @aCN@b91MARC@c20180612 |
| 905 | @aMuseLib@dTG146.2@e83 | |
| 再生铝产业研究与生产技术=Secondary aluminium industry research and production technology/姜玉敬,吴细华编著.-北京:冶金工业出版社,2018.04 |
| 263页:图,照片;24cm |
| ISBN 978-7-5024-7750-9:CNY48.00 |
| 本书回顾了再生铝的起源、发展和现状,全面系统地总结了我国再生铝生产的状况和工艺技术,介绍了世界再生铝先进的工艺技术和设备,展望了今后再生铝的发展前景和趋势。 |
| ● |
| 相关链接 |
|
|
|
|
正题名:再生铝产业研究与生产技术
索取号:TG146.2/83
 
预约/预借
| 序号 | 登录号 | 条形码 | 馆藏地/架位号 | 状态 | 备注 |
| 1 | 1124106 | 211241066 | 第二样本阅览室/ [索取号:TG146.2/83] | 在馆 | |
| 2 | 1124107 | 211241075 | 第三借阅区/ [索取号:TG146.2/83] | 在馆 | |
| 3 | 1124108 | 211241084 | 化学系资料室/ [索取号:TG146.2/83] | 在馆 |